| 000 | 00659nam a2200193Ia 4500 | ||
|---|---|---|---|
| 003 | OSt | ||
| 005 | 20230418163105.0 | ||
| 008 | 210423s2011 xx 000 0 und d | ||
| 040 | _cAL | ||
| 041 | _aeng | ||
| 082 |
_a362.83 _223 _bNORE |
||
| 100 |
_aNORONHA (Rita);JULIET (C J);GAYATRI (R) _990214 |
||
| 245 | _aEmerging trends in gender parity and disparity in Dakshina kannada and udupi districts | ||
| 260 |
_aMangaluru _bSchool of Social Work _c2011 |
||
| 300 |
_a59 _bPB |
||
| 650 |
_aSocial Welfare Problems & Services _990215 |
||
| 906 | _aDakshina ; disparity ; districts ; Emerging ; gender ; kannada ; parity ; trends ; udupi | ||
| 942 |
_2ddc _cBK |
||
| 999 |
_c170090 _d170090 |
||